Loading...
| Current Events | 2 | 20.00 | 100% | 50% | 50% |
| Fine Arts - Auditory Fine Arts | 4 | 17.50 | 100% | 75% | 0% |
| Fine Arts - Other Fine Arts | 10 | 19.00 | 100% | 60% | 30% |
| Fine Arts - Visual Fine Arts | 4 | 22.50 | 100% | 100% | 25% |
| Geography | 1 | 20.00 | 100% | 100% | 0% |
| History - American History | 7 | 22.86 | 100% | 86% | 43% |
| History - European History | 4 | 20.00 | 100% | 100% | 0% |
| History - Other History | 7 | 18.57 | 100% | 43% | 43% |
| History - World History | 5 | 16.00 | 100% | 20% | 40% |
| Literature - American Literature | 6 | 25.00 | 100% | 100% | 50% |
| Literature - British Literature | 6 | 26.67 | 100% | 83% | 83% |
| Literature - European Literature | 6 | 26.67 | 100% | 100% | 67% |
| Literature - World Literature | 5 | 22.00 | 100% | 80% | 40% |
| Mythology | 2 | 25.00 | 100% | 100% | 50% |
| Other Academic | 2 | 25.00 | 100% | 100% | 50% |
| Philosophy | 9 | 15.56 | 100% | 44% | 11% |
| Religion | 5 | 16.00 | 100% | 60% | 0% |
| Science - Biology | 8 | 17.50 | 100% | 63% | 13% |
| Science - Chemistry | 6 | 20.00 | 100% | 67% | 33% |
| Science - Other Science | 7 | 20.00 | 100% | 86% | 14% |
| Science - Physics | 5 | 16.00 | 100% | 60% | 0% |
| Social Science | 6 | 20.00 | 100% | 83% | 17% |